000 00547nam a2200217Ia 4500
008 101110s9999 xx 000 0 und d
041 _aENGLISH
082 _bSR33139
100 _aChopade L.N.,Choudhari D.M. & etc
245 _aManagement accounting Vol.II
260 _c2009
_bSheth prakashn,Mumbai
300 _a484
365 _b125
520 _aCommerce
546 _aENGLISH
630 _aManagement accounting Vol.II
650 _aCommerce
655 _aCommerce
730 _aManagement accounting Vol.II
942 _cBOOK
999 _c825640
_d825637